[Event "WYCC U12"]
[Site "Kemer/Antalya TUR"]
[Date "2007.11.27"]
[Round "10.15"]
[White "Sai Krishna, GV."]
[Black "Laurusas, Tomas"]
[Result "1-0"]
[WhiteElo "2167"]
[BlackElo "1966"]
[PlyCount "75"]
[EventDate "2007.11.18"]
[EventType "swiss"]
[EventRounds "11"]
[EventCountry "TUR"]
[Source "Reinhold Goldau"]
[SourceDate "2000.03.01"]

1. e4 c6 2. d4 d5 3. Nc3 dxe4 4. Nxe4 Bf5 5. Ng3 Bg6 6. h4 h6 7. Nf3 Nd7 8. Bd3
Bxd3 9. Qxd3 Ngf6 10. Bf4 Qa5+ 11. Bd2 Qb6 12. O-O-O e6 13. Ne5 Rd8 14. Ng6 Rg8
15. Rhe1 Bd6 16. Nf5 Nf8 17. Nxd6+ Rxd6 18. Nxf8 Rxf8 19. Qa3 Ke7 20. Bf4 Ne8
21. c4 Qa6 22. Bxd6+ Nxd6 23. Qxa6 bxa6 24. b3 Rd8 25. d5 cxd5 26. Rxd5 Rc8 27.
Ra5 Rc6 28. g4 Nb7 29. Rae5 Nc5 30. Kc2 f6 31. R5e3 Rd6 32. b4 Nb7 33. c5 Rc6
34. Kb2 a5 35. b5 Rxc5 36. Rxe6+ Kd7 37. Re7+ Kc8 38. Rc1 1-0

[Event "WYCC U12"]
[Site "Kemer/Antalya TUR"]
[Date "2007.11.28"]
[Round "11.13"]
[White "Iskandarov, Misraddin"]
[Black "Sai Krishna, GV."]
[Result "1-0"]
[WhiteElo "2031"]
[BlackElo "2167"]
[PlyCount "111"]
[EventDate "2007.11.18"]
[EventType "swiss"]
[EventRounds "11"]
[EventCountry "TUR"]

1. e4 e5 2. Nf3 Nc6 3. Bb5 a6 4. Ba4 Nf6 5. d4 exd4 6. O-O d6 7. Nxd4 Bd7 8.
Bxc6 bxc6 9. Nc3 c5 10. Nf3 g6 11. Re1 Bg7 12. Qd3 O-O 13. h3 Re8 14. Bg5 h6
15. Bf4 Bc6 16. Rad1 Qb8 17. e5 Nh5 18. Bh2 Qxb2 19. Rb1 Qa3 20. g4 c4 21. Qe3
dxe5 22. gxh5 Bxf3 23. Qxf3 e4 24. Rxe4 Qxc3 25. Qxc3 Bxc3 26. Rxc4 Ba5 27.
hxg6 fxg6 28. Rc6 Re2 29. Rxg6+ Kh7 30. Rc6 Rf8 31. Bg3 Bb6 32. Rf1 Rf7 33. a4
Re4 34. c4 h5 35. h4 Re2 36. a5 Bxa5 37. Rc5 Bb4 38. Rxh5+ Kg6 39. Rg5+ Kh7 40.
Rd1 a5 41. Rd4 a4 42. Rdg4 Rf6 43. Be5 Rxe5 44. Rxe5 a3 45. Rh5+ Rh6 46. Rxh6+
Kxh6 47. Rg8 Kh5 48. Rh8+ Kg4 49. Kg2 Bc3 50. f3+ Kf4 51. Ra8 Bb2 52. Kf2 c5
53. Ke2 Ke5 54. Kd3 Kf4 55. h5 Kxf3 56. h6 1-0

[Event "IND-ch U11"]
[Site "Chennai IND"]
[Date "2006.11.05"]
[Round "3"]
[White "Sai Krishna, GV."]
[Black "Megh, Patel"]
[Result "1-0"]
[WhiteElo "2057"]
[BlackElo "1895"]
[PlyCount "165"]
[EventDate "2006.11.04"]
[EventType "swiss"]
[EventRounds "11"]
[EventCountry "IND"]
[Source "ChessBase"]
[SourceDate "2009.11.30"]

1. e4 c6 2. d4 d5 3. Nc3 dxe4 4. Nxe4 Bf5 5. Ng3 Bg6 6. h4 h6 7. Nf3 Nd7 8. Bd3
Bxd3 9. Qxd3 Qc7 10. Bd2 e6 11. O-O-O Ngf6 12. Ne4 O-O-O 13. g3 Nxe4 14. Qxe4
Bd6 15. c4 c5 16. Bc3 Rhe8 17. Qe2 Nf6 18. Kb1 cxd4 19. Nxd4 a6 20. Nb3 Qc6 21.
c5 Be7 22. f3 Kb8 23. Ba5 Rxd1+ 24. Rxd1 Ka8 25. Bb6 Nd5 26. Na5 Qb5 27. Qxb5
axb5 28. Nb3 Bd8 29. Nd4 Nxb6 30. cxb6 Bxb6 31. Nxb5 Rd8 32. Rxd8+ Bxd8 33. h5
Be7 34. Kc2 b6 35. Kd3 Kb7 36. Nd4 Bf6 37. b4 Kc7 38. a4 Kd6 39. Kc4 Bd8 40.
Kb5 g6 41. f4 gxh5 42. Nc6 Bc7 43. Ne5 f5 44. Nc4+ Kd7 45. Nxb6+ Bxb6 46. Kxb6
e5 47. fxe5 f4 48. gxf4 h4 49. e6+ Kxe6 50. f5+ Kxf5 51. Ka7 h3 52. b5 h2 53.
b6 h1=Q 54. a5 Qa1 55. a6 Qg7+ 56. b7 Ke6 57. Ka8 Qg2 58. Ka7 Qf2+ 59. Ka8 Qf3
60. Ka7 Qe3+ 61. Ka8 Qe4 62. Ka7 Qd4+ 63. Ka8 Qd5 64. Ka7 Qc5+ 65. Ka8 Qc6 66.
Ka7 Qc7 67. Ka8 Qb6 68. a7 Kd7 69. b8=Q Qf6 70. Qb5+ Kc8 71. Qc5+ Kd7 72. Qd5+
Kc8 73. Qg8+ Kc7 74. Qb8+ Kd7 75. Qb7+ Kd8 76. Qd5+ Kc8 77. Qc5+ Kd7 78. Kb7
Qf3+ 79. Ka6 Qf6+ 80. Kb5 Qb2+ 81. Ka5 Qd2+ 82. Kb6 Qg2 83. Qc7+ 1-0

[Event "IND-ch U11"]
[Site "Chennai IND"]
[Date "2006.11.06"]
[Round "4"]
[White "Shiven, Khosla"]
[Black "Sai Krishna, GV."]
[Result "1-0"]
[WhiteElo "1943"]
[BlackElo "2057"]
[PlyCount "105"]
[EventDate "2006.11.04"]
[EventType "swiss"]
[EventRounds "11"]
[EventCountry "IND"]
[Source "ChessBase"]
[SourceDate "2009.11.30"]

1. e4 e5 2. Nf3 Nc6 3. Bb5 a6 4. Ba4 Nf6 5. O-O b5 6. Bb3 Bb7 7. Re1 Bc5 8. d3
h6 9. c3 d6 10. Nbd2 O-O 11. Nf1 Bb6 12. Ng3 Ne7 13. Nh4 Bc8 14. h3 Be6 15. Qf3
Nh7 16. Nhf5 Qd7 17. Bd2 a5 18. Qg4 Nxf5 19. Nxf5 Bxf5 20. exf5 Kh8 21. Qf3 c6
22. a4 Rac8 23. f6 Nxf6 24. Bxh6 Nh7 25. Be3 c5 26. axb5 Qxb5 27. Bc4 Qd7 28.
b4 axb4 29. cxb4 Nf6 30. Ra6 Qd8 31. bxc5 Bxc5 32. Bg5 Rb8 33. Rxe5 Rb4 34. Kh2
dxe5 35. Rxf6 Qc7 36. Rc6 e4+ 37. Rxc7 exf3 38. Rxc5 fxg2 39. Kxg2 Kh7 40. d4
Rb1 41. d5 Kg6 42. Be7 Re8 43. d6 Rxe7 44. dxe7 Re1 45. Rc6+ Kf5 46. Be6+ Rxe6
47. Rxe6 Kxe6 48. e8=Q+ Kf6 49. Kf3 Kg6 50. Kf4 Kh6 51. Qxf7 g5+ 52. Kf5 g4 53.
Qg6# 1-0

[Event "IND-ch U11"]
[Site "Chennai IND"]
[Date "2006.11.07"]
[Round "5"]
[White "Sai Krishna, GV."]
[Black "Sai Kiran, JV."]
[Result "1-0"]
[WhiteElo "2057"]
[BlackElo "1898"]
[PlyCount "53"]
[EventDate "2006.11.04"]
[EventType "swiss"]
[EventRounds "11"]
[EventCountry "IND"]
[Source "ChessBase"]
[SourceDate "2009.11.30"]

1. e4 e5 2. Nf3 Nc6 3. Bb5 a6 4. Ba4 Nf6 5. O-O Be7 6. Re1 b5 7. Bb3 O-O 8. h3
d6 9. c3 Na5 10. Bc2 c5 11. d4 Qc7 12. d5 Bd7 13. Nbd2 Rfe8 14. Nf1 h6 15. g4
Bf8 16. Ng3 g6 17. Kh2 Qc8 18. Rg1 Nh7 19. Nf5 gxf5 20. gxf5+ Kh8 21. Nxe5 dxe5
22. Qg4 Nf6 23. Qh4 Ng8 24. Rxg8+ Kxg8 25. Bxh6 f6 26. Qxf6 Bxh6 27. Rg1+ 1-0

[Event "IND-ch U11"]
[Site "Chennai IND"]
[Date "2006.11.07"]
[Round "6"]
[White "Rishi, Thariani"]
[Black "Sai Krishna, GV."]
[Result "0-1"]
[WhiteElo "1847"]
[BlackElo "2057"]
[PlyCount "94"]
[EventDate "2006.11.04"]
[EventType "swiss"]
[EventRounds "11"]
[EventCountry "IND"]
[Source "ChessBase"]
[SourceDate "2009.11.30"]

1. e4 e5 2. Nf3 Nc6 3. Bc4 Nf6 4. d3 Bc5 5. c3 d6 6. O-O O-O 7. Nbd2 a6 8. Bb3
d5 9. Qe2 Bg4 10. h3 Be6 11. Re1 Nh5 12. Nf1 dxe4 13. dxe4 Bxb3 14. axb3 Qf6
15. Bg5 Qg6 16. g4 Nf4 17. Bxf4 exf4 18. Kh2 Rfe8 19. b4 Bb6 20. N1d2 h5 21.
Rg1 Ne5 22. gxh5 Qxh5 23. Rg5 Nxf3+ 24. Nxf3 Qh7 25. Rag1 g6 26. R1g4 c6 27.
Qc4 Kf8 28. Ne5 Re7 29. Rxf4 Bc7 30. Qc5 Ke8 31. Kg2 Rd8 32. Rf6 Qh8 33. Ng4
Rxe4 34. Rf3 f5 35. Re3 Rxe3 36. Qxe3+ Kf7 37. Nh2 Qe8 38. Nf1 Qxe3 39. Nxe3
Bf4 40. h4 Kf6 41. Rg3 Bxg3 42. Kxg3 b5 43. Kf4 Rd2 44. Kf3 Rxb2 45. Nd1 Rc2
46. Ke3 Ke5 47. f4+ Kd5 0-1

[Event "IND-ch U11"]
[Site "Chennai IND"]
[Date "2006.11.09"]
[Round "8"]
[White "Dheeraj Kumar, N."]
[Black "Sai Krishna, GV."]
[Result "1/2-1/2"]
[WhiteElo "2126"]
[BlackElo "2057"]
[PlyCount "133"]
[EventDate "2006.11.04"]
[EventType "swiss"]
[EventRounds "11"]
[EventCountry "IND"]
[Source "ChessBase"]
[SourceDate "2009.11.30"]

1. e4 e5 2. Nf3 Nc6 3. Bb5 a6 4. Ba4 Nf6 5. O-O b5 6. Bb3 Bb7 7. d3 Bc5 8. Re1
O-O 9. Nbd2 d6 10. c3 Bb6 11. Nf1 d5 12. Bg5 d4 13. Ng3 h6 14. Bh4 Bc5 15. cxd4
Nxd4 16. Nxd4 Qxd4 17. Nf5 Qd8 18. Qf3 Kh7 19. Qg3 g5 20. Bxg5 Nxe4 21. Rxe4
Qxg5 22. Qxg5 hxg5 23. Rxe5 Bb6 24. Re7 Rad8 25. d4 Kg6 26. Bc2 Kf6 27. Rd1 Bc8
28. Re5 Bxd4 29. Nxd4 Rxd4 30. Rxd4 Kxe5 31. Rd1 Be6 32. f3 c5 33. Kf2 f5 34.
Bb1 c4 35. Re1+ Kf6 36. Rd1 a5 37. Rd6 Ra8 38. g4 fxg4 39. fxg4 Ke5 40. Rb6 b4
41. Bf5 Bd5 42. Rb5 Kd4 43. Kg3 Re8 44. h4 Re3+ 45. Kf2 gxh4 46. Rxd5+ Kxd5 47.
Kxe3 Ke5 48. Be4 a4 49. g5 b3 50. axb3 cxb3 51. g6 Kf6 52. Kf4 h3 53. Kg3 Ke5
54. g7 Kxe4 55. g8=Q Kd3 56. Kxh3 Kc2 57. Kg2 Kxb2 58. Qg7+ Ka2 59. Qc3 a3 60.
Kf2 b2 61. Qc2 Ka1 62. Qc3 Ka2 63. Qc2 Ka1 64. Qc3 Ka2 65. Qc2 Ka1 66. Qc3 Ka2
67. Qc2 1/2-1/2

[Event "IND-ch U11"]
[Site "Chennai IND"]
[Date "2006.11.09"]
[Round "9"]
[White "Sai Krishna, GV."]
[Black "Grover, Sahaj"]
[Result "1-0"]
[WhiteElo "2057"]
[BlackElo "2151"]
[PlyCount "93"]
[EventDate "2006.11.04"]
[EventType "swiss"]
[EventRounds "11"]
[EventCountry "IND"]
[Source "ChessBase"]
[SourceDate "2009.11.30"]

1. e4 c5 2. Nf3 d6 3. d4 Nf6 4. Nc3 cxd4 5. Nxd4 a6 6. Bg5 e6 7. f4 Nbd7 8. Qf3
Qc7 9. O-O-O Be7 10. g4 b5 11. Bxf6 Nxf6 12. g5 Nd7 13. f5 Bxg5+ 14. Kb1 Ne5
15. Qh5 Qd8 16. Nxe6 Bxe6 17. fxe6 g6 18. exf7+ Kxf7 19. Qe2 Kg7 20. Nd5 Rf8
21. Bh3 Ra7 22. Qe1 Raf7 23. Be6 Rf2 24. Qb4 R8f3 25. Qd4 Bf6 26. Qa7+ Kh6 27.
Qxa6 Qe8 28. Nc7 Qc6 29. Qxc6 Nxc6 30. Nxb5 Nb4 31. Bb3 Rh3 32. c3 Nd3 33. Bc2
Nf4 34. Nxd6 Ne6 35. Nb5 g5 36. Rd6 Rhxh2 37. Rxh2+ Rxh2 38. Bd1 Kg7 39. Rxe6
h5 40. e5 Bd8 41. Rd6 Be7 42. Rd4 h4 43. Nd6 h3 44. Nf5+ Kf8 45. Bg4 Rh1+ 46.
Rd1 Rxd1+ 47. Bxd1 1-0

[Event "IND-ch U11"]
[Site "Chennai IND"]
[Date "2006.11.10"]
[Round "10"]
[White "D'Cunha, Viani Antonio"]
[Black "Sai Krishna, GV."]
[Result "1/2-1/2"]
[WhiteElo "1946"]
[BlackElo "2057"]
[PlyCount "101"]
[EventDate "2006.11.04"]
[EventType "swiss"]
[EventRounds "11"]
[EventCountry "IND"]
[Source "ChessBase"]
[SourceDate "2009.11.30"]

1. e4 e5 2. Nf3 Nc6 3. Nc3 Nf6 4. d4 exd4 5. Nxd4 Bb4 6. Nxc6 bxc6 7. Bd3 d5 8.
exd5 cxd5 9. O-O O-O 10. Bg5 c6 11. Qf3 Be7 12. Rae1 Re8 13. h3 h6 14. Bf4 Be6
15. Nd1 c5 16. c3 Bd6 17. Ne3 Bxf4 18. Qxf4 Rb8 19. Nd1 Nd7 20. Qd2 Kh8 21. f4
f5 22. Ne3 g6 23. Qf2 Nf6 24. b3 Ne4 25. Bxe4 fxe4 26. Rd1 Rb7 27. f5 gxf5 28.
Nxf5 Rc7 29. Nxh6 Qg5 30. Qf4 Qxf4 31. Rxf4 e3 32. Re1 Bc8 33. Nf7+ Kg7 34. Nd6
Re5 35. Nxc8 Rxc8 36. Kf1 Rf8 37. Rxf8 Kxf8 38. Ke2 d4 39. b4 cxb4 40. cxd4 Ra5
41. Ra1 Ra3 42. Rb1 Rxa2+ 43. Kxe3 a5 44. g4 Rh2 45. Ra1 Rxh3+ 46. Kd2 Rg3 47.
Rxa5 Rxg4 48. Kd3 Ke7 49. Rb5 b3 50. Kc4 Rg3 51. Rxb3 1/2-1/2

[Event "IND-ch U11"]
[Site "Chennai IND"]
[Date "2006.11.11"]
[Round "11"]
[White "Fenil, Shah"]
[Black "Sai Krishna, GV."]
[Result "1/2-1/2"]
[WhiteElo "2112"]
[BlackElo "2057"]
[PlyCount "106"]
[EventDate "2006.11.04"]
[EventType "swiss"]
[EventRounds "11"]
[EventCountry "IND"]
[Source "ChessBase"]
[SourceDate "2009.11.30"]

1. e4 e5 2. Bc4 Nf6 3. d3 c6 4. Bb3 d5 5. Nf3 Bd6 6. Nc3 dxe4 7. Ng5 O-O 8.
Ngxe4 Nxe4 9. Nxe4 Bf5 10. O-O Na6 11. Be3 Nc7 12. Qf3 Bg6 13. h4 Bxe4 14. Qxe4
Kh8 15. Qg4 f5 16. Qh3 f4 17. Bd2 Nd5 18. Bxd5 cxd5 19. c4 d4 20. Rfe1 h5 21.
f3 g5 22. hxg5 Qxg5 23. Kf2 Qg6 24. Re4 Rf5 25. Rg1 Rg5 26. g4 Qh6 27. Rh1 Rag8
28. Qxh5 Rxh5 29. Rxh5 Qxh5 30. gxh5 Rg3 31. c5 Bc7 32. Re1 Rh3 33. Kg2 Rg3+
34. Kf2 Kh7 35. Rg1 Rh3 36. Kg2 Rxh5 37. Rh1 Kg6 38. Rxh5 Kxh5 39. Kh3 Bd8 40.
Be1 a5 41. b3 Bc7 42. Kg2 Kg5 43. Kf2 Kf5 44. a3 Bd8 45. Ke2 Ke6 46. b4 Kd5 47.
Kd1 axb4 48. axb4 b6 49. cxb6 Bxb6 50. Kc2 Kc6 51. Bh4 Bc7 52. Bf6 Bd6 53. Kb3
Kb5 1/2-1/2

[Event "Kluger mem. GM"]
[Site "Budapest HUN"]
[Date "2024.08.28"]
[Round "1.5"]
[White "Sai Krishna, GV."]
[Black "Adithya, A Chullikkad"]
[Result "1/2-1/2"]
[WhiteElo "2402"]
[BlackElo "2111"]
[PlyCount "44"]
[EventDate "2024.08.28"]
[EventType "tourn"]
[EventRounds "9"]
[EventCountry "HUN"]
[EventCategory "6"]
[Source "ChessMix "]
[SourceDate "2024.09.10"]

1. e4 c5 2. Nf3 d6 3. d4 cxd4 4. Nxd4 Nf6 5. Nc3 a6 6. Bg5 Nbd7 7. Bc4 Qb6 8.
Bb3 e6 9. Qd2 Be7 10. O-O-O Nc5 11. Rhe1 h6 12. Bh4 Qc7 13. Bg3 O-O 14. e5 dxe5
15. Bxe5 Qb6 16. Qf4 Nfd7 17. Bc7 Bg5 18. Qxg5 Qxc7 19. Qg3 Qxg3 20. hxg3 b5
21. a3 Bb7 22. Ba2 Nb6 1/2-1/2

[Event "Kluger mem. GM"]
[Site "Budapest HUN"]
[Date "2024.08.29"]
[Round "2.2"]
[White "Papp, Levente"]
[Black "Sai Krishna, GV."]
[Result "0-1"]
[WhiteElo "2362"]
[BlackElo "2402"]
[PlyCount "60"]
[EventDate "2024.08.28"]
[EventType "tourn"]
[EventRounds "9"]
[EventCountry "HUN"]
[EventCategory "6"]
[Source "ChessMix "]
[SourceDate "2024.09.10"]

1. Nf3 g6 2. g3 Bg7 3. Bg2 e5 4. c4 Ne7 5. Nc3 d5 6. cxd5 Nxd5 7. O-O O-O 8. d4
exd4 9. Nxd4 Nxc3 10. bxc3 c5 11. Nb5 Qa5 12. a4 Rd8 13. Qc2 a6 14. Na3 Bf5 15.
Qb3 Qxc3 16. Qxb7 Qxa1 17. Qxa8 Qa2 18. Qf3 c4 19. e4 Be6 20. e5 Nd7 21. Qd1 c3
22. Qd3 Bxe5 23. Qxa6 Nc5 24. Qb5 Nd3 25. Rd1 Qe2 26. Rxd3 Qxd3 27. Bf1 Qxb5
28. Nxb5 Rd1 29. f4 Rxc1 30. fxe5 c2 0-1

[Event "Kluger mem. GM"]
[Site "Budapest HUN"]
[Date "2024.08.30"]
[Round "3.4"]
[White "Sai Krishna, GV."]
[Black "Cardoso Cardoso, Jose Gabriel"]
[Result "1-0"]
[WhiteElo "2402"]
[BlackElo "2507"]
[PlyCount "89"]
[EventDate "2024.08.28"]
[EventType "tourn"]
[EventRounds "9"]
[EventCountry "HUN"]
[EventCategory "6"]
[Source "ChessMix "]
[SourceDate "2024.09.10"]

1. e4 c5 2. Nf3 d6 3. d4 cxd4 4. Nxd4 Nf6 5. Nc3 Nc6 6. Bg5 e6 7. Qd2 a6 8.
O-O-O Bd7 9. f3 Nxd4 10. Qxd4 Be7 11. f4 Bc6 12. Bc4 Qa5 13. Rhe1 O-O 14. f5 b5
15. Bb3 b4 16. Nb1 e5 17. Qd3 Qc7 18. Nd2 a5 19. Kb1 a4 20. Bxf6 Bxf6 21. Bd5
Bxd5 22. exd5 e4 23. Nxe4 Be5 24. f6 Rfc8 25. Rc1 gxf6 26. Rf1 Qd8 27. Qf3 Ra5
28. Rcd1 b3 29. c3 a3 30. axb3 axb2 31. Qf5 Rca8 32. Kc2 b1=Q+ 33. Rxb1 Rxd5
34. Nxf6+ Qxf6 35. Qxf6 Bxf6 36. Rxf6 Ra2+ 37. Rb2 Rd2+ 38. Kxd2 Rxb2+ 39. Kd3
Rxb3 40. Rxd6 Rb2 41. c4 Rxg2 42. c5 Kf8 43. c6 Ke7 44. Rd7+ Ke6 45. Rd8 1-0

[Event "Kluger mem. GM"]
[Site "Budapest HUN"]
[Date "2024.08.30"]
[Round "4.3"]
[White "Garcia Pantoja, Roberto"]
[Black "Sai Krishna, GV."]
[Result "1/2-1/2"]
[WhiteElo "2550"]
[BlackElo "2402"]
[PlyCount "201"]
[EventDate "2024.08.28"]
[EventType "tourn"]
[EventRounds "9"]
[EventCountry "HUN"]
[EventCategory "6"]
[Source "ChessMix "]
[SourceDate "2024.09.10"]

1. e4 e5 2. Nf3 Nc6 3. Bb5 a6 4. Ba4 Nf6 5. O-O Be7 6. d3 b5 7. Bb3 d6 8. a3
O-O 9. Nc3 Bg4 10. Be3 Nd4 11. Bxd4 exd4 12. Nd5 c6 13. Nf4 d5 14. h3 Bxf3 15.
Qxf3 dxe4 16. dxe4 Qc7 17. Rae1 Nd7 18. Ba2 Bd6 19. Nh5 Kh8 20. Rd1 c5 21. c3
Be5 22. cxd4 cxd4 23. g3 Qc2 24. Qg4 f5 25. exf5 Qxb2 26. Be6 Nc5 27. Rb1 Qc3
28. Rfc1 Qxa3 29. Re1 Bf6 30. Bd5 Rad8 31. Nxf6 Rxf6 32. Re7 Ne6 33. Rxe6 Rxd5
34. Qf3 Rxe6 35. Qxa3 Rxf5 36. Rd1 h6 37. Rxd4 Re1+ 38. Kg2 Re2 39. Rf4 Rxf4
40. gxf4 Re6 41. Qf8+ Kh7 42. Qf5+ Rg6+ 43. Kf3 h5 44. Qxh5+ Rh6 45. Qf5+ Kg8
46. Kg4 Kh8 47. h4 Kg8 48. h5 Kh8 49. Qc8+ Kh7 50. f5 Rf6 51. f4 Rh6 52. Qe8
Rf6 53. Kf3 Rh6 54. Ke4 Rf6 55. Ke5 Rh6 56. Qe6 Rf6 57. Qd7 Rh6 58. Qd1 Rf6 59.
Qd3 Kg8 60. Qc2 Kh8 61. Qb1 Kg8 62. Qe4 Kh8 63. Qa8+ Kh7 64. Qe8 Rh6 65. Qe6
Rf6 66. Kd5 Rh6 67. Qe4 Kg8 68. Kd4 Rf6 69. Ke3 Kh8 70. Kf3 Kg8 71. Kg4 Kh8 72.
Kg5 Kg8 73. Qd4 Kh7 74. Qc3 Rh6 75. Qc2 Kg8 76. Qe4 Kh8 77. Qe6 Kh7 78. Qe4 Kg8
79. Qd3 Kh8 80. Qc3 Kh7 81. Qe5 Rf6 82. Qd4 Rh6 83. Qd3 Kg8 84. Qe3 Kh7 85. Qe6
Rf6 86. Qe4 Kg8 87. Qd5+ Kh7 88. Qe6 Rh6 89. Qe4 Kg8 90. Qe8+ Kh7 91. Qe4 Kg8
92. Qd4 Kh7 93. Qd3 Kg8 94. Kg4 Kh8 95. Kf3 Kg8 96. Ke4 Rf6 97. Ke5 Kh8 98. Qg3
Kh7 99. Qg5 Rh6 100. Qg1 Rf6 101. Qh1 1/2-1/2

[Event "Kluger mem. GM"]
[Site "Budapest HUN"]
[Date "2024.09.01"]
[Round "5.3"]
[White "Sai Krishna, GV."]
[Black "Csiki, Endre"]
[Result "1/2-1/2"]
[WhiteElo "2402"]
[BlackElo "2280"]
[PlyCount "28"]
[EventDate "2024.08.28"]
[EventType "tourn"]
[EventRounds "9"]
[EventCountry "HUN"]
[EventCategory "6"]
[Source "ChessMix "]
[SourceDate "2024.09.10"]

1. e4 e5 2. Nf3 Nf6 3. Nxe5 d6 4. Nf3 Nxe4 5. Nc3 Nxc3 6. dxc3 Be7 7. Be3 O-O
8. Qd2 Nd7 9. O-O-O Nf6 10. Bd3 c5 11. Rhe1 Be6 12. Kb1 Qa5 13. c4 Qxd2 14.
Rxd2 h6 1/2-1/2

[Event "Kluger mem. GM"]
[Site "Budapest HUN"]
[Date "2024.09.02"]
[Round "6.4"]
[White "Sathvik, Adiga"]
[Black "Sai Krishna, GV."]
[Result "0-1"]
[WhiteElo "2365"]
[BlackElo "2402"]
[PlyCount "88"]
[EventDate "2024.08.28"]
[EventType "tourn"]
[EventRounds "9"]
[EventCountry "HUN"]
[EventCategory "6"]
[Source "ChessMix "]
[SourceDate "2024.09.10"]

1. e4 e5 2. Nf3 Nc6 3. Bc4 Nf6 4. d3 h6 5. O-O d6 6. c3 g5 7. Nbd2 Bg7 8. Bb3
a5 9. Nc4 b5 10. Na3 Rb8 11. d4 Qe7 12. Re1 O-O 13. h4 g4 14. Nh2 a4 15. Bc2
exd4 16. cxd4 Nh7 17. e5 f5 18. Bf4 dxe5 19. dxe5 Be6 20. Qc1 Nd4 21. Qe3 Rfd8
22. Rad1 c5 23. Bb1 Bd5 24. Rd2 Qxh4 25. Red1 Nf8 26. Bd3 Bxa2 27. e6 Rb7 28.
Bxb5 Nfxe6 29. Be5 Nxb5 30. Rxd8+ Nxd8 31. Nxb5 Rxb5 32. Bxg7 Kxg7 33. Qe8 Rxb2
34. g3 Bf7 35. Qxa4 Qf6 36. Nf1 Ne6 37. Ne3 Nd4 38. Qa1 Ra2 39. Qb1 h5 40. Qb8
h4 41. Kf1 h3 42. Qf4 Qc6 43. Qg5+ Kh7 44. Qh4+ Kg6 0-1

[Event "Kluger mem. GM"]
[Site "Budapest HUN"]
[Date "2024.09.03"]
[Round "7.2"]
[White "Sai Krishna, GV."]
[Black "Fodor, Tamas Jr"]
[Result "0-1"]
[WhiteElo "2402"]
[BlackElo "2501"]
[PlyCount "70"]
[EventDate "2024.08.28"]
[EventType "tourn"]
[EventRounds "9"]
[EventCountry "HUN"]
[EventCategory "6"]
[Source "ChessMix "]
[SourceDate "2024.09.10"]

1. e4 e5 2. Nf3 Nc6 3. Bb5 Nf6 4. O-O Nxe4 5. d4 Nd6 6. Ba4 exd4 7. c3 Be7 8.
cxd4 b5 9. Bb3 O-O 10. Nc3 Na5 11. Bc2 Bb7 12. Re1 Bf6 13. Ne5 g6 14. f4 Bg7
15. f5 Nxf5 16. Bxf5 gxf5 17. Qh5 d6 18. Re3 dxe5 19. Rh3 f6 20. Qxh7+ Kf7 21.
Rg3 Rg8 22. dxe5 b4 23. exf6 Qxf6 24. Qh5+ Kf8 25. Be3 Rh8 26. Qd1 Rd8 27. Qa4
bxc3 28. bxc3 Rd5 29. Re1 Kf7 30. Bg5 Qb6+ 31. Kh1 Be5 32. Bf4 Qf2 33. Rg7+
Kxg7 34. Bxe5+ Rxe5 35. Qd7+ Kg6 0-1

[Event "Kluger mem. GM"]
[Site "Budapest HUN"]
[Date "2024.09.04"]
[Round "8.5"]
[White "Posthuma, Joshua"]
[Black "Sai Krishna, GV."]
[Result "1/2-1/2"]
[WhiteElo "2412"]
[BlackElo "2402"]
[PlyCount "153"]
[EventDate "2024.08.28"]
[EventType "tourn"]
[EventRounds "9"]
[EventCountry "HUN"]
[EventCategory "6"]
[Source "ChessMix "]
[SourceDate "2024.09.10"]

1. d4 Nf6 2. c4 g6 3. Nc3 Bg7 4. e4 d6 5. Nf3 O-O 6. Be2 Nbd7 7. O-O e5 8. Re1
a5 9. Be3 h6 10. h3 exd4 11. Nxd4 Nc5 12. f3 Nh5 13. f4 Ng3 14. Bf3 h5 15. Nde2
Nxe2+ 16. Qxe2 Ne6 17. Rad1 Qh4 18. Qd2 Bh6 19. Ne2 Kh7 20. Kh2 Nc5 21. Nc3 Re8
22. b3 Be6 23. Nd5 Bxd5 24. g3 Qf6 25. Bd4 Qe7 26. cxd5 Nd7 27. h4 Ne5 28. Qe2
c5 29. dxc6 Nxc6 30. Bf2 a4 31. Qd3 axb3 32. axb3 Ra2 33. Kg1 Bf8 34. e5 Nb4
35. Qxd6 Rb2 36. Qxe7 Bxe7 37. Rb1 Rxf2 38. Kxf2 Nd3+ 39. Ke3 Nxe1 40. Rxe1 Bb4
41. Rd1 Re7 42. Bd5 Rd7 43. Kf3 Kg7 44. Ke4 Bc3 45. Rc1 Bd2 46. Rc5 Be1 47. Kf3
b6 48. Rb5 Ba5 49. Ke4 Be1 50. Rxb6 Bxg3 51. b4 Bxh4 52. Rd6 Rxd6 53. exd6 Kf8
54. Bc6 Be1 55. b5 Ba5 56. Kd5 h4 57. Kc5 Bd2 58. Bd7 h3 59. Bxh3 Ke8 60. Kc6
Kd8 61. b6 Be3 62. f5 gxf5 63. Bxf5 Bf2 64. Kb7 Bg3 65. Kc6 Bf2 66. Bg4 Bg1 67.
Bh3 Bf2 68. Kb5 Bg3 69. Kc5 Bf2+ 70. Kc6 Be3 71. Kb7 Bf4 72. d7 Be3 73. Ka6 Bf4
74. Ka7 Be3 75. Bf5 Bf2 76. Ka6 Bg3 77. Kb5 1/2-1/2

[Event "Kluger mem. GM"]
[Site "Budapest HUN"]
[Date "2024.09.05"]
[Round "9.1"]
[White "Sai Krishna, GV."]
[Black "Xie, Felix"]
[Result "0-1"]
[WhiteElo "2402"]
[BlackElo "2326"]
[PlyCount "102"]
[EventDate "2024.08.28"]
[EventType "tourn"]
[EventRounds "9"]
[EventCountry "HUN"]
[EventCategory "6"]
[Source "ChessMix "]
[SourceDate "2024.09.10"]

1. e4 c5 2. Nf3 e6 3. d4 cxd4 4. Nxd4 Nf6 5. Nc3 Nc6 6. Nxc6 bxc6 7. e5 Nd5 8.
Ne4 Bb7 9. Be2 c5 10. O-O Qc7 11. Nd6+ Bxd6 12. exd6 Qc6 13. Bf3 c4 14. Bxd5
Qxd5 15. Qg4 O-O 16. Rd1 Qc6 17. f3 Qc5+ 18. Qd4 Rfc8 19. Qxc5 Rxc5 20. b4 Rb5
21. c3 a5 22. a4 axb4 23. Ba3 Bxf3 24. axb5 Bxd1 25. b6 Bc2 26. b7 Rb8 27. Bxb4
Be4 28. Ra5 Bc6 29. Rc5 Rxb7 30. Rxc4 Ra7 31. Kf2 f6 32. g4 Kf7 33. h4 e5 34.
g5 f5 35. Rc5 Ke6 36. c4 Ra2+ 37. Ke1 Rc2 38. Kd1 Ba4 39. Ke1 f4 40. Rc8 e4 41.
h5 Kf5 42. h6 gxh6 43. gxh6 Kg4 44. Rh8 Kf3 45. Rxh7 e3 46. Ba3 Re2+ 47. Kf1
Ra2 48. Bb4 Ra1+ 49. Be1 e2+ 50. Kg1 Rxe1+ 51. Kh2 Rh1+ 0-1

[Event "FSGM 2024.09"]
[Site "Budapest HUN"]
[Date "2024.09.07"]
[Round "1.2"]
[White "Neverov, Valeriy"]
[Black "Sai Krishna, GV."]
[Result "1/2-1/2"]
[WhiteElo "2412"]
[BlackElo "2402"]
[PlyCount "143"]
[EventDate "2024.09.07"]
[EventType "tourn"]
[EventRounds "9"]
[EventCountry "HUN"]
[EventCategory "6"]
[Source "ChessMix "]
[SourceDate "2024.09.20"]

1. d4 Nf6 2. c4 g6 3. Nc3 Bg7 4. e4 d6 5. f3 O-O 6. Nge2 Nc6 7. Be3 a6 8. Qd2
Rb8 9. Bh6 e5 10. Bxg7 Kxg7 11. O-O-O b5 12. g4 h5 13. cxb5 axb5 14. dxe5 dxe5
15. Qe3 Qe7 16. g5 Nd7 17. Nd5 Qc5+ 18. Kb1 Qxe3 19. Nxe3 Nd8 20. Bh3 Nb6 21.
Bxc8 Rxc8 22. Nd5 Ne6 23. h4 Rcd8 24. Nxb6 cxb6 25. Rd5 Rxd5 26. exd5 Nc5 27.
b4 Na6 28. a3 f6 29. f4 fxg5 30. fxg5 Rf3 31. Rd1 Kf7 32. d6 Ke8 33. Rd5 Rxa3
34. Rxe5+ Kd7 35. Nf4 Nxb4 36. Nxg6 Kxd6 37. Re2 Rg3 38. Kb2 Nd5 39. Rd2 Kc5
40. Ne5 Ne3 41. Nd3+ Kc4 42. Nf4 Rg4 43. Nxh5 Rxh4 44. Nf6 Rh1 45. g6 Rg1 46.
Nd7 Kb4 47. Nxb6 Ka5 48. Re2 Nd1+ 49. Kc2 Kxb6 50. g7 Ka5 51. Re1 Rxg7 52. Rxd1
Kb4 53. Kb1 Kc3 54. Rh1 Rg3 55. Rf1 b4 56. Rh1 Kb3 57. Rf1 Ka3 58. Rh1 Rb3+ 59.
Ka1 Rb2 60. Rh3+ Rb3 61. Rh1 Rc3 62. Kb1 Rc5 63. Rh3+ b3 64. Rh1 Rc2 65. Rh8
Rb2+ 66. Ka1 Rc2 67. Kb1 Rc5 68. Ra8+ Kb4 69. Kb2 Rc2+ 70. Kb1 Ra2 71. Rxa2
bxa2+ 72. Kxa2 1/2-1/2